000 00429nam a22001697a 4500
005 20180725145834.0
008 160628b xxu||||| |||| 00| 0 eng d
020 _a81-7371-001-5
041 _aeng
082 _b10688
_a658.405
100 _aHARIGOPAL, K.
_93004
245 _aORGANIZATIONAL STRESS:a study of role conflict
260 _bUniversityes Press
_c1995
300 _a143p,
650 _aManagement
_9241
942 _cBK
999 _c4344
_d4343